| 000 | 00709nam a22002057a 4500 | ||
|---|---|---|---|
| 005 | 20241126165751.0 | ||
| 010 | _aENG-142637 | ||
| 020 |
_a9788119403684 _c1350.00 |
||
| 035 | _a EN-126169 | ||
| 037 | _bDBAD | ||
| 082 |
_a340.03 _28 |
||
| 100 |
_dAiyar,P Ramamatha _974078 |
||
| 245 |
_aConcise law Dictionary/ _cBy P Ramanatha Aiyar |
||
| 250 | _a8 | ||
| 260 |
_bLexis Nexis _aIndia _c2024 |
||
| 270 |
_bGurgaon _e122002 _a14th Floor , Building No 10, Tower-B, DLF Cyber City, phase -ll _k+91 124 4774444 _l+91 124 4774100 _mhelp.in@lexisnexis.com |
||
| 300 |
_axxi,1470p. _c25cm(pb) |
||
| 500 | _aWith Legal Maxims, Latin Terms And Words & Phrases | ||
| 942 |
_2ddc _cEN _h340.03 _mAIR _e8 |
||
| 999 |
_c207026 _d207026 |
||